European valuation standards 2003 (Record no. 102842)

MARC details
000 -LEADER
fixed length control field 01571cam a2200253 4500
008 - FIXED-LENGTH DATA ELEMENTS--GENERAL INFORMATION
fixed length control field 000000n2003 000 0 eng u
020 ## - INTERNATIONAL STANDARD BOOK NUMBER
International Standard Book Number 0728204142
035 ## - SYSTEM CONTROL NUMBER
System control number (Sirsi) u122436
041 ## - LANGUAGE CODE
Language code of text/sound track or separate title eng.
050 ## - LIBRARY OF CONGRESS CALL NUMBER
Classification number 333.332094
-- 18
110 ## - MAIN ENTRY--CORPORATE NAME
Corporate name or jurisdiction name as entry element TEGoVA
9 (RLIN) 3466
245 ## - TITLE STATEMENT
Title European valuation standards 2003
250 ## - EDITION STATEMENT
Edition statement 5th ed.
260 ## - PUBLICATION, DISTRIBUTION, ETC.
Place of publication, distribution, etc. London
Name of publisher, distributor, etc. Estates Gazette
Date of publication, distribution, etc. 2003
300 ## - PHYSICAL DESCRIPTION
Extent xii, 402p.
Other physical details ill.
Dimensions 22cm.
350 ## - PRICE (NR) (BK AM CF MU VM SE) [OBSOLETE]
Price 75
520 ## - SUMMARY, ETC.
Summary, etc. This text is targeted at those who commission and use valuations, as well as the valuers and appraisers who carry them out. It serves as a benchmark against which consistent reports can be prepared for clients. This fifth edition includes material on valuations for securitisation purposes, the effect of market shock, corporate governance and the valuation of agricultural properties. Contends to serve as the only authoritative standards adapted to the particular circumstances that prevail in Europe.
520 ## - SUMMARY, ETC.
Summary, etc. Members who have purchased the "European valuation standards 2003" can access it at www.egi.co.uk/europeanvaluationstandards.asp using the username and password issued to you. Other RICS members may use the electronic version via the public access terminals in the RICS Library - please ask Library Staff for details.
650 ## - SUBJECT ADDED ENTRY--TOPICAL TERM
Topical term or geographic name entry element EUROPE
650 ## - SUBJECT ADDED ENTRY--TOPICAL TERM
Topical term or geographic name entry element EUROPEAN VALUATION STANDARDS
690 ## - LOCAL SUBJECT ADDED ENTRY--TOPICAL TERM (OCLC, RLIN)
Topical term or geographic name as entry element PROPERTY-PROPERTY APPRAISAL AND VALUATION
856 ## - ELECTRONIC LOCATION AND ACCESS
Uniform Resource Identifier <a href="https://www.egi.co.uk/europeanvaluationstandards.asp">https://www.egi.co.uk/europeanvaluationstandards.asp</a>
Public note View the standards on the EGi website using your username and password...
942 ## - ADDED ENTRY ELEMENTS (KOHA)
Suppress in OPAC 0
Holdings
Withdrawn status Lost status Source of classification or shelving scheme Damaged status Not for loan Home library Current library Shelving location Date acquired Cost, normal purchase price Total Checkouts Full call number Barcode Date last seen Date last checked out Copy number Cost, replacement price Price effective from Koha item type
    Dewey Decimal Classification     London London Basement 01/07/2003 136.42 16 BASEMENT 30068514 06/08/2019 28/10/2008 3 136.42 06/08/2019 Book